书目信息 |
| 题名: |
食品风味化学
|
|
| 作者: | 丁耐克 编著 | |
| 分册: | ||
| 出版信息: | 北京 中国轻工业出版社 1996.11 |
|
| 页数: | 383页 | |
| 开本: | 20cm | |
| 丛书名: | ||
| 单 册: | ||
| 中图分类: | TS201.2 | |
| 科图分类: | ||
| 主题词: | 食品工业 | |
| 电子资源: | ||
| ISBN: | 7-5019-1944-5 | |
| 000 | 00573nam0 2200193 450 | |
| 001 | 0852579720 | |
| 005 | 20081006143844.68 | |
| 010 | @a7-5019-1944-5@dCNY26.00 | |
| 100 | @a20081006d1996 km y0chiy0120 ea | |
| 101 | 0 | @achi |
| 102 | @aCN@b110000 | |
| 200 | 1 | @a食品风味化学@Ashi pin feng wei hua xue@f丁耐克编著@Fding nai ke bian zhu |
| 210 | @a北京@c中国轻工业出版社@d1996.11 | |
| 215 | @a383页@d20cm | |
| 606 | 0 | @a食品工业 |
| 690 | @aTS201.2@v4 | |
| 701 | 0 | @a丁耐克@Ading nai ke@4编著 |
| 801 | 0 | @aCN@b大连网信软件有限公司图书馆·11@c20081006 |
| 905 | @aBZT@dTS201.2@e307 | |
| 食品风味化学/丁耐克编著.-北京:中国轻工业出版社,1996.11 |
| 383页;20cm |
| ISBN 7-5019-1944-5:CNY26.00 |
| ● |
| 相关链接 |
|
|
|
正题名:食品风味化学
索取号:TS201.2/307
 
预约/预借
| 序号 | 登录号 | 条形码 | 馆藏地/架位号 | 状态 | 备注 |
| 1 | 069109 | 201258352 | 中心书库中库/ 中库025架A面2列3层46/ [索取号:TS201.2/307] | 在馆 | |
| 2 | 069110 | 201258343 | 中心书库中库/ 中库025架A面2列3层47/ [索取号:TS201.2/307] | 在馆 | |
| 3 | 069111 | 201258361 | 中心书库中库/ 中库025架A面2列3层44/ [索取号:TS201.2/307] | 在馆 | |
| 4 | 069112 | 201258325 | 中心书库中库/ 中库025架A面2列3层45/ [索取号:TS201.2/307] | 在馆 | |
| 5 | 069113 | 201258334 | 中心书库中库/ 中库025架A面2列3层43/ [索取号:TS201.2/307] | 在馆 |